Political theory : (Record no. 11523)
[ view plain ]
| 000 -LEADER | |
|---|---|
| fixed length control field | 02083cam a2200337 a 4500 |
| 001 - CONTROL NUMBER | |
| control field | 15220737 |
| 005 - DATE AND TIME OF LATEST TRANSACTION | |
| control field | 20080903144605.0 |
| 008 - FIXED-LENGTH DATA ELEMENTS--GENERAL INFORMATION | |
| fixed length control field | 080314s2008 enka b 001 0 eng |
| 010 ## - LIBRARY OF CONGRESS CONTROL NUMBER | |
| LC control number | 2008011583 |
| 020 ## - INTERNATIONAL STANDARD BOOK NUMBER | |
| International Standard Book Number | 0199230099 (pbk.) |
| 020 ## - INTERNATIONAL STANDARD BOOK NUMBER | |
| International Standard Book Number | 9780199230082 (hbk.) |
| 020 ## - INTERNATIONAL STANDARD BOOK NUMBER | |
| International Standard Book Number | 9780199230099 (pbk.) |
| 035 ## - SYSTEM CONTROL NUMBER | |
| System control number | (OCoLC)ocn213600352 |
| 035 ## - SYSTEM CONTROL NUMBER | |
| System control number | (OCoLC)213600352 |
| 040 ## - CATALOGING SOURCE | |
| Original cataloging agency | DLC |
| Transcribing agency | DLC |
| Modifying agency | YDXCP |
| -- | BTCTA |
| -- | BAKER |
| -- | BWKUK |
| -- | BWK |
| -- | DLC |
| 050 00 - LIBRARY OF CONGRESS CALL NUMBER | |
| Classification number | JA71 |
| Item number | .P6313 2008 |
| 082 00 - DEWEY DECIMAL CLASSIFICATION NUMBER | |
| Classification number | 320.01 |
| Edition number | 22 |
| Item number | POL |
| 245 00 - TITLE STATEMENT | |
| Title | Political theory : |
| Remainder of title | Methods and approaches / |
| Statement of responsibility, etc | Edited by David Leopold and Marc Stears. |
| 260 ## - PUBLICATION, DISTRIBUTION, ETC. (IMPRINT) | |
| Place of publication, distribution, etc | Oxford : |
| Name of publisher, distributor, etc | Oxford University Press, |
| Date of publication, distribution, etc | c2008. |
| 300 ## - PHYSICAL DESCRIPTION | |
| Extent | ix, 224 p. : |
| Other physical details | ill. ; |
| Dimensions | 25 cm. |
| 504 ## - BIBLIOGRAPHY, ETC. NOTE | |
| Bibliography, etc | Includes bibliographical references and index. |
| 505 0# - FORMATTED CONTENTS NOTE | |
| Formatted contents note | Introduction / David Leopold and Marc Stears -- Analytical political philosophy / Daniel McDermott -- Political philosophy for Earthlings / David Miller -- Political theory, social science, and real politics / Adam Swift and Stuart White -- Why be formal? / Iwao Hirose -- Recognition as fact and norm : the method of critique / Lois McNay -- Dialectical approaches / David Leopold -- Political theory and history / Mark Philp -- Using archival sources to theorize about politics / Sudhir Hazareesingh and Karma Nabulsi -- Political theory and the boundaries of politics / Elizabeth Frazer -- Thinking politically and thinking about politics : language, interpretation, and ideology / Michael Freeden. |
| 650 #0 - SUBJECT ADDED ENTRY--TOPICAL TERM | |
| Topical term or geographic name as entry element | Political science |
| General subdivision | Philosophy. |
| 9 (RLIN) | 4707 |
| 650 #0 - SUBJECT ADDED ENTRY--TOPICAL TERM | |
| Topical term or geographic name as entry element | Political science |
| General subdivision | Methodology. |
| 9 (RLIN) | 4708 |
| 650 #0 - SUBJECT ADDED ENTRY--TOPICAL TERM | |
| Topical term or geographic name as entry element | Political science |
| General subdivision | Research. |
| 9 (RLIN) | 4709 |
| 700 1# - ADDED ENTRY--PERSONAL NAME | |
| Personal name | Leopold, David. |
| 9 (RLIN) | 4710 |
| 700 1# - ADDED ENTRY--PERSONAL NAME | |
| Personal name | Stears, Marc. |
| 9 (RLIN) | 4711 |
| 942 ## - ADDED ENTRY ELEMENTS (KOHA) | |
| Source of classification or shelving scheme | Dewey Decimal Classification |
| Item type | Book - Borrowing |
| Withdrawn status | Item status | Source of classification or shelving scheme | Damaged status | Not for loan | Vendor | Home library | Current library | Shelving location | Date acquired | Source of acquisition | Cost, normal purchase price | Serial Enumeration / chronology | Total Checkouts | Total Renewals | Full call number | Barcode | Date last seen | Date last borrowed | Koha item type |
|---|---|---|---|---|---|---|---|---|---|---|---|---|---|---|---|---|---|---|---|
| Dewey Decimal Classification | Alahram | Central Library | Central Library | First floor | 11/05/2009 | 189.00 | 367 | 4 | 8 | 320.01 POL | 000016342 | 15/07/2025 | 26/05/2016 | Book - Borrowing |